[Event "EU-ch 12th"]
[Site "Aix les Bains"]
[Date "2011.03.30"]
[Round "8"]
[White "Dujardin, Franck"]
[Black "Cherednichenko, Svetlana"]
[Result "0-1"]
[WhiteElo "2090"]
[BlackElo "2278"]
[PlyCount "58"]
[EventDate "2011.03.22"]
[EventType "swiss"]
[EventRounds "11"]
[EventCountry "FRA"]
[SourceTitle "CBM 142 Extra"]
[Source "ChessBase"]
[SourceDate "2011.06.27"]
[SourceVersion "1"]
[SourceVersionDate "2011.06.27"]
[SourceQuality "1"]

1. e4 d6 2. d4 Nf6 3. Nc3 g6 4. Nf3 Bg7 5. Be2 0-0 6. 0-0 c6 7. Bg5 h6 8. Bd2 Nbd7 9. h3 e5 10. Be3 Qc7 11. Qd2 Kh7 12. Rad1 b5 13. dxe5 dxe5 14. Qd6 Qb7 15. Qd3 Re8 16. Nd2 Bf8 17. Nb3 a5 18. Bf3 a4 19. Nd2 Nc5 20. Qe2 Ne6 21. Qe1 Qc7 22. Ne2 Bb7 23. g4 Rad8 24. Bg2 Nd4 25. Bxd4 exd4 26. Nc1 c5 27. Qe2 c4 28. Rfe1 Bb4 29. f3 Nd5 0-1

[Event "EU-ch 12th"]
[Site "Aix les Bains"]
[Date "2011.03.24"]
[Round "3"]
[White "Depiesse, Jacques"]
[Black "Dujardin, Franck"]
[Result "1/2-1/2"]
[WhiteElo "1765"]
[BlackElo "2090"]
[PlyCount "41"]
[EventDate "2011.03.22"]
[EventType "swiss"]
[EventRounds "11"]
[EventCountry "FRA"]
[SourceTitle "CBM 142 Extra"]
[Source "ChessBase"]
[SourceDate "2011.06.27"]
[SourceVersion "1"]
[SourceVersionDate "2011.06.27"]
[SourceQuality "1"]

1. Nf3 Nf6 2. d3 d5 3. g3 g6 4. Bg2 Bg7 5. 0-0 0-0 6. c3 c6 7. Nbd2 Re8 8. Re1 e5 9. e4 Qc7 10. h3 Bd7 11. b4 Nh5 12. Qb3 Nf6 13. Bb2 h6 14. Rac1 Be6 15. exd5 Bxd5 16. c4 Bxf3 17. Bxf3 Nbd7 18. c5 Re6 19. Re2 Rae8 20. Rce1 Nf8 21. Nc4 1/2-1/2

[Event "EU-ch 12th"]
[Site "Aix les Bains"]
[Date "2011.03.23"]
[Round "2"]
[White "Dujardin, Franck"]
[Black "Shirazi, Kamran"]
[Result "0-1"]
[WhiteElo "2090"]
[BlackElo "2403"]
[PlyCount "62"]
[EventDate "2011.03.22"]
[EventType "swiss"]
[EventRounds "11"]
[EventCountry "FRA"]
[SourceTitle "CBM 142 Extra"]
[Source "ChessBase"]
[SourceDate "2011.06.27"]
[SourceVersion "1"]
[SourceVersionDate "2011.06.27"]
[SourceQuality "1"]

1. e4 d6 2. Nf3 Bg4 3. Bc4 e6 4. Nc3 Nf6 5. d4 d5 6. Bd3 c5 7. dxc5 Bxc5 8. exd5 exd5 9. Qe2+ Be7 10. 0-0 Nc6 11. Bb5 0-0 12. Rd1 Re8 13. Qf1 a6 14. Be2 d4 15. Nb1 Bc5 16. Nbd2 Ba7 17. a3 h6 18. Nb3 Qc7 19. g3 Rad8 20. h3 d3 21. Rxd3 Rxd3 22. Bf4 Bxf3 23. Bxc7 Bxe2 24. Qg2 Rf3 25. Rf1 Rf5 26. Bf4 Bxf1 27. Qxf1 g5 28. Qd3 Rd5 29. Qc3 Ne4 30. Qc4 Rd1+ 31. Kg2 gxf4 0-1

[Event "FRA-chT1 1011"]
[Site "France"]
[Date "2010.11.13"]
[Round "2.1"]
[White "Dimitrov, Christo"]
[Black "Dujardin, Franck"]
[Result "0-1"]
[WhiteElo "2321"]
[BlackElo "2081"]
[PlyCount "70"]
[EventDate "2010.10.17"]
[EventType "team-tourn"]
[EventRounds "11"]
[EventCountry "FRA"]
[SourceTitle "EXT 2012"]
[Source "ChessBase"]
[SourceDate "2011.11.24"]
[SourceVersion "1"]
[SourceVersionDate "2011.11.24"]
[SourceQuality "1"]

1. e4 e5 2. Bc4 Nf6 3. d3 c6 4. Nf3 Be7 5. 0-0 d6 6. c3 0-0 7. Bb3 Na6 8. Nbd2 Nc5 9. Bc2 Bg4 10. h3 Bh5 11. Re1 Ne6 12. Nf1 Nd7 13. Ng3 Bg6 14. d4 exd4 15. Nxd4 Nxd4 16. cxd4 Bg5 17. f4 Bh4 18. Re3 Bxg3 19. Rxg3 f5 20. e5 dxe5 21. Bb3+ Kh8 22. fxe5 Qh4 23. Kh2 Bh5 24. Qf1 f4 25. Rd3 Rae8 26. Bd2 Nb6 27. Qe1 Qg5 28. Qf2 Qf5 29. Rc3 Qd7 30. Bxf4 g5 31. e6 Qg7 32. Rg3 Rxf4 33. Qxf4 gxf4 34. Rxg7 Kxg7 35. Rf1 Nd5 0-1

[Event "Cap d'Agde Cavalier op"]
[Site "Cap d'Agde"]
[Date "2008.10.31"]
[Round "8"]
[White "Dujardin, Franck"]
[Black "Auroy, Didier"]
[Result "1/2-1/2"]
[WhiteElo "2062"]
[BlackElo "1972"]
[PlyCount "150"]
[EventDate "2008.10.25"]
[EventType "swiss"]
[EventRounds "9"]
[EventCountry "FRA"]
[SourceTitle "EXT 2010"]
[Source "ChessBase"]
[SourceDate "2010.11.25"]
[SourceVersion "1"]
[SourceVersionDate "2010.11.25"]
[SourceQuality "1"]

1. e4 c5 2. Nf3 g6 3. d4 cxd4 4. Qxd4 Nf6 5. Bb5 Nc6 6. Bxc6 bxc6 7. e5 Nd5 8. e6 f6 9. exd7+ Bxd7 10. 0-0 Bg7 11. c4 e5 12. Qd1 Nb6 13. Qe2 0-0 14. Nc3 Be6 15. b3 Qc7 16. Ba3 Rfd8 17. Rad1 Rxd1 18. Rxd1 Rd8 19. Ne4 Rxd1+ 20. Qxd1 Qd7 21. Qe2 Qd8 22. h3 Nc8 23. Qe1 Bf7 24. Qb4 h6 25. Qb8 Qe8 26. Bc5 f5 27. Nd6 Nxd6 28. Qxd6 e4 29. Ne1 Be5 30. Qe7 Qxe7 31. Bxe7 g5 32. Bc5 Bc3 33. Nc2 a5 34. Bd4 Bd2 35. Kf1 a4 36. Ke2 axb3 37. axb3 Ba5 38. Bc5 Be6 39. Ke3 Bd8 40. Nd4 Bd7 41. g4 fxg4 42. hxg4 Kf7 43. Kxe4 Kf6 44. f3 Bc7 45. Bf8 Kg6 46. c5 h5 47. gxh5+ Kxh5 48. Bd6 Ba5 49. Nf5 Kg6 50. Nd4 Bc3 51. Ne2 Bf5+ 52. Ke3 Bb2 53. Ng3 Bc2 54. b4 Bc3 55. b5 cxb5 56. c6 Bb3 57. Ne4 Ba5 58. Kd4 Bd1 59. Nd2 Bb6+ 60. Ke5 g4 61. f4 g3 62. f5+ Kf7 63. Ne4 g2 64. Ng5+ Ke8 65. Bc5 Bc7+ 66. Ke6 Bb3+ 67. Kf6 Bd8+ 68. Kg6 Bxg5 69. Kxg5 Kd8 70. Kf4 Kc7 71. Kg3 Kxc6 72. Be3 Bd5 73. Kf2 Kd6 74. Bd4 Bc4 75. f6 Ke6 1/2-1/2

[Event "Cap d'Agde Cavalier op"]
[Site "Cap d'Agde"]
[Date "2008.10.25"]
[Round "1"]
[White "Dujardin, Franck"]
[Black "Pierlot, Philippe"]
[Result "1-0"]
[WhiteElo "2062"]
[BlackElo "1850"]
[PlyCount "99"]
[EventDate "2008.10.25"]
[EventType "swiss"]
[EventRounds "9"]
[EventCountry "FRA"]
[SourceTitle "EXT 2010"]
[Source "ChessBase"]
[SourceDate "2010.11.25"]
[SourceVersion "1"]
[SourceVersionDate "2010.11.25"]
[SourceQuality "1"]

1. e4 d5 2. exd5 Qxd5 3. Nc3 Qa5 4. d4 c6 5. Bc4 Nf6 6. h3 Bf5 7. Nf3 e6 8. Bd2 Bb4 9. a3 Bxc3 10. Bxc3 Qc7 11. Qe2 Nbd7 12. Bd3 Bxd3 13. Qxd3 0-0-0 14. b4 Nd5 15. Bd2 Nf4 16. Qe4 Nxg2+ 17. Kf1 Nf6 18. Qe5 Qxe5 19. Nxe5 Rxd4 20. Bc3 Rd5 21. Kxg2 Ne4 22. Bb2 f6 23. Nf3 Rhd8 24. Rhe1 f5 25. Re3 g5 26. Ne5 Rd2 27. Rf1 Rxc2 28. Bc1 Nxf2 29. Rxf2 Rxc1 30. Nf7 Rf8 31. Nxg5 Rg8 32. Rg3 Kd7 33. Nxh7 Rxg3+ 34. Kxg3 Rc3+ 35. Rf3 Rxf3+ 36. Kxf3 Ke7 37. Kf4 b6 38. Ke5 c5 39. bxc5 b5 40. Ng5 a5 41. Nxe6 b4 42. axb4 a4 43. Nd4 a3 44. Nb3 Kd7 45. h4 Kc6 46. h5 Kb5 47. h6 Kxb4 48. h7 Kxb3 49. h8Q Kb2 50. Kxf5+ 1-0

[Event "FRA-ch op-A"]
[Site "Aix les Bains"]
[Date "2007.08.17"]
[Round "4"]
[White "Lucas, Jean Christian"]
[Black "Dujardin, Franck"]
[Result "1/2-1/2"]
[WhiteElo "2129"]
[BlackElo "2113"]
[PlyCount "87"]
[EventDate "2007.08.13"]
[EventType "swiss"]
[EventRounds "11"]
[EventCountry "FRA"]
[SourceTitle "CBM 120 Extra"]
[Source "ChessBase"]
[SourceDate "2007.11.01"]
[SourceVersion "1"]
[SourceVersionDate "2007.11.01"]
[SourceQuality "1"]

1. e4 d5 2. exd5 Qxd5 3. Nc3 Qd6 4. d4 Nf6 5. Nf3 a6 6. Bg5 Bf5 7. Bd3 Bxd3 8. Qxd3 Nc6 9. 0-0 e6 10. Ne4 Nxe4 11. Qxe4 Be7 12. Bxe7 Qxe7 13. Ne5 Nxe5 14. Qxb7 0-0 15. dxe5 Rab8 16. Qxa6 Rxb2 17. Qc4 Rfb8 18. a4 g6 19. g3 R2b4 20. Qc3 Ra8 21. a5 Rb5 22. Rfb1 Rc5 23. Qb4 Ra6 24. Rb3 Qf8 25. Qb7 Rcc6 26. Rab1 Kg7 27. Rb6 cxb6 28. Qxa6 Qa3 29. Qb7 Rxc2 30. Qxb6 Ra2 31. Qd8 Qf3 32. Qb6 Qa3 33. a6 Qxa6 34. Qd8 Ra1 35. Qf6+ Kg8 36. Qd8+ Kg7 37. Qf6+ Kg8 38. Rxa1 Qxa1+ 39. Kg2 Qa8+ 40. Qf3 Qa5 41. Qe4 Kg7 42. h4 h5 43. Kf3 Qa1 44. Kg2 1/2-1/2

[Event "FRA-chT2C 0506"]
[Site "France"]
[Date "2006.04.02"]
[Round "11.5"]
[White "Dujardin, Franck"]
[Black "Sasot Samplon, Eloy"]
[Result "0-1"]
[WhiteElo "2128"]
[BlackElo "2136"]
[PlyCount "56"]
[EventDate "2005.10.27"]
[EventType "team"]
[EventRounds "11"]
[EventCountry "FRA"]
[SourceTitle "EXT 2006"]
[Source "ChessBase"]
[SourceDate "2005.11.24"]
[SourceVersion "1"]
[SourceVersionDate "2005.11.24"]
[SourceQuality "1"]

1. e4 c6 2. Nc3 d5 3. exd5 cxd5 4. d4 Nf6 5. Bd3 Nc6 6. Nge2 Bg4 7. f3 Bh5 8. Be3 Bg6 9. Qd2 Bxd3 10. Qxd3 e6 11. a3 a6 12. 0-0 Bd6 13. Rfb1 Qc7 14. g3 0-0 15. b4 b5 16. Kg2 Rfc8 17. Rb3 Nd7 18. Bf4 Nb6 19. Ra2 Qe7 20. Bc1 Nc4 21. Nf4 Bxb4 22. Ncxd5 exd5 23. Nxd5 Qe1 24. Ra1 Bd2 25. Bb2 Nxb2 26. Rxe1 Nxd3 27. Rd1 Ne1+ 28. Kg1 Ba5 0-1

[Event "FRA-chT2C 0506"]
[Site "France"]
[Date "2006.01.14"]
[Round "5.4"]
[White "Dujardin, Franck"]
[Black "Garro, Pierre"]
[Result "1/2-1/2"]
[WhiteElo "2128"]
[BlackElo "2150"]
[PlyCount "60"]
[EventDate "2005.10.27"]
[EventType "team"]
[EventRounds "11"]
[EventCountry "FRA"]
[SourceTitle "EXT 2006"]
[Source "ChessBase"]
[SourceDate "2005.11.24"]
[SourceVersion "1"]
[SourceVersionDate "2005.11.24"]
[SourceQuality "1"]

1. e4 c5 2. Nf3 Nc6 3. Nc3 e5 4. Bc4 d6 5. Nd5 g5 6. d3 h6 7. h3 Bg7 8. c3 Nge7 9. Nxe7 Qxe7 10. Be3 0-0 11. g4 Be6 12. Qd2 Rad8 13. Qe2 d5 14. exd5 Bxd5 15. Bxd5 Rxd5 16. 0-0-0 e4 17. dxe4 Qxe4 18. Nd2 Qg6 19. Nb3 Nd4 20. cxd4 cxd4 21. Qd3 dxe3 22. Qxg6 Rxd1+ 23. Rxd1 fxg6 24. fxe3 Rf3 25. Rd8+ Kh7 26. Rd7 Rxe3 27. Rxb7 Rxh3 28. Nd4 Re3 29. b4 Re4 30. Nc6 Rc4+ 1/2-1/2

[Event "Lyon Rhone op"]
[Site "Lyon"]
[Date "2006.??.??"]
[Round "4"]
[White "Dujardin, Franck"]
[Black "Guerin, Michel"]
[Result "0-1"]
[WhiteElo "2110"]
[BlackElo "1920"]
[PlyCount "144"]
[EventDate "2006.04.??"]
[EventType "swiss"]
[EventRounds "9"]
[EventCountry "FRA"]
[SourceTitle "EXT 2007"]
[Source "ChessBase"]
[SourceDate "2006.11.23"]
[SourceVersion "1"]
[SourceVersionDate "2006.11.23"]
[SourceQuality "1"]

1. e4 e6 2. d4 d5 3. Nc3 Bb4 4. e5 Qd7 5. a3 Bxc3+ 6. bxc3 b6 7. a4 Ba6 8. Bxa6 Nxa6 9. Qd3 Nb8 10. Nf3 Nc6 11. 0-0 Na5 12. Nd2 Ne7 13. Ba3 Nec6 14. f4 f5 15. exf6 gxf6 16. Qe2 0-0-0 17. Bb4 Rde8 18. Rab1 Rhg8 19. Qa6+ Kd8 20. Rbe1 Qc8 21. Qb5 Qd7 22. Ba3 Kc8 23. Qa6+ Kb8 24. Bb4 Qc8 25. Qb5 Qb7 26. Rb1 h5 27. Qd3 Nxb4 28. cxb4 Nc4 29. Nb3 Qc6 30. b5 Qd7 31. a5 Na3 32. Ra1 Nxb5 33. axb6 cxb6 34. Ra2 Rc8 35. Rb1 Nc3 36. Nc5 Qg7 37. g3 Nxa2 38. Qa6 Rxc5 39. dxc5 Nc3 40. Rb3 Qb7 41. Qxb7+ Kxb7 42. Rxc3 b5 43. c6+ Kc7 44. Ra3 Kb6 45. h4 Rc8 46. Rc3 f5 47. Re3 Rxc6 48. c3 a5 49. Kf1 a4 50. Ke1 Kc5 51. Kd2 Kc4 52. Rd3 Ra6 53. Rd4+ Kc5 54. Kc2 a3 55. Kb1 a2+ 56. Ka1 b4 57. Rxb4 Ra3 58. Rb2 Rxc3 59. Re2 Kd6 60. Rh2 Rxg3 61. Rg2 Rg4 62. Rf2 Rxh4 63. Rb2 Rxf4 64. Rxa2 Rb4 65. Ra8 Ke5 66. Re8 f4 67. Rc8 f3 68. Rc2 Ke4 69. Rd2 d4 70. Rc2 Ke3 71. Rc6 e5 72. Re6 e4 0-1

[Event "Lyon Rhone op"]
[Site "Lyon"]
[Date "2006.??.??"]
[Round "2"]
[White "Dujardin, Franck"]
[Black "Janev, Evgeni"]
[Result "0-1"]
[WhiteElo "2110"]
[BlackElo "2495"]
[PlyCount "58"]
[EventDate "2006.04.??"]
[EventType "swiss"]
[EventRounds "9"]
[EventCountry "FRA"]
[SourceTitle "EXT 2007"]
[Source "ChessBase"]
[SourceDate "2006.11.23"]
[SourceVersion "1"]
[SourceVersionDate "2006.11.23"]
[SourceQuality "1"]

1. e4 e5 2. Nf3 Nc6 3. Bb5 a6 4. Bxc6 dxc6 5. 0-0 f6 6. d4 exd4 7. Nxd4 c5 8. Nb3 Qxd1 9. Rxd1 Bd6 10. Nc3 Be6 11. Nd5 0-0-0 12. Be3 b6 13. c4 Kb7 14. Rac1 Ne7 15. Nxe7 Bxe7 16. Rxd8 Rxd8 17. Nd2 f5 18. exf5 Bxf5 19. Nf3 Bf6 20. b3 a5 21. h3 a4 22. g4 Bg6 23. Bg5 Rd3 24. Be3 axb3 25. axb3 Rxb3 26. Nd2 Ra3 27. Kg2 Bd3 28. Kg3 Rc3 29. Re1 Rc2 0-1

[Event "Lyon"]
[Site "Lyon"]
[Date "2004.09.24"]
[Round "10"]
[White "Debray, Tristan"]
[Black "Dujardin, Franck"]
[Result "1/2-1/2"]
[WhiteElo "2088"]
[BlackElo "2115"]
[PlyCount "215"]
[EventDate "2004.09.??"]
[EventType "tourn"]
[EventRounds "10"]
[EventCountry "FRA"]
[SourceTitle "CBM 102 Extra"]
[Source "ChessBase"]
[SourceDate "2004.11.03"]
[SourceVersion "1"]
[SourceVersionDate "2004.11.03"]
[SourceQuality "1"]

1. e4 c6 2. c4 d5 3. cxd5 cxd5 4. exd5 Qxd5 5. Nc3 Qa5 6. Bc4 e6 7. Nf3 Nf6 8. 0-0 Be7 9. d4 0-0 10. Bf4 Nbd7 11. Re1 a6 12. Qb3 Qb6 13. Qc2 Bd6 14. Be5 Qc7 15. Bd3 h6 16. Qe2 b5 17. Bxb5 Bb7 18. Bxd7 Nxd7 19. Bg3 Bxg3 20. hxg3 Nf6 21. Rac1 Qb6 22. Na4 Qa5 23. b3 Qd8 24. Red1 Qd6 25. Nc5 Bd5 26. Ne5 Rfd8 27. Rd2 Ra7 28. f3 Nh5 29. Ne4 Qb6 30. g4 Bxe4 31. Qxe4 Nf6 32. Qc6 Qb4 33. Qc3 Qxc3 34. Rxc3 Rb7 35. Kf2 Nd5 36. Rc5 Rd6 37. Nc4 Rd8 38. Ne3 Nf6 39. Rc6 Ra7 40. Ke2 a5 41. Rc4 Nd7 42. f4 Nf6 43. Kf3 Nd5 44. Nd1 Nb6 45. Rc6 Nd5 46. Nc3 Ne7 47. Rc5 Rad7 48. Ne2 Ra7 49. Rdc2 a4 50. b4 a3 51. R2c3 Nd5 52. Rb3 Rb8 53. b5 Rab7 54. Nc3 Nxc3 55. Rcxc3 Rxb5 56. Rxb5 Rxb5 57. Rxa3 Kf8 58. Ra7 Rb2 59. g3 Rd2 60. Ke4 Re2+ 61. Kf3 Rd2 62. a4 Rxd4 63. a5 Ra4 64. a6 Ke8 65. Ke3 Kf8 66. Kf3 f5 67. gxf5 exf5 68. Ra8+ Kf7 69. Ra7+ Kf6 70. Ra8 Ra3+ 71. Kf2 Kg6 72. Kg2 Kh5 73. Kh3 Ra2 74. Rf8 Kg6 75. Ra8 Kh5 76. Rf8 Kg6 77. Ra8 Ra1 78. Ra7 Kf6 79. Ra8 Ra2 80. a7 Kg6 81. g4 fxg4+ 82. Kxg4 Ra5 83. Kh4 Ra4 84. Kg3 Ra3+ 85. Kg4 h5+ 86. Kh4 Ra4 87. Rf8 Rxa7 88. f5+ Kh7 89. Kxh5 Ra6 90. Kg5 Ra5 91. Rf7 Rb5 92. Rc7 Rb6 93. Rc3 Rf6 94. Rc8 Rh6 95. Re8 Rh1 96. Re6 Rg1+ 97. Kf4 Kg8 98. Ra6 Kf7 99. Ra7+ Kf6 100. Ra6+ Ke7 101. Re6+ Kf7 102. Ra6 Rf1+ 103. Kg5 Rf2 104. Ra7+ Kf8 105. Ra8+ Kf7 106. Ra7+ Kg8 107. Ra8+ Kh7 108. Ra6 1/2-1/2

[Event "Lyon"]
[Site "Lyon"]
[Date "2004.09.21"]
[Round "4"]
[White "L'Hermitte, Emmanuel"]
[Black "Dujardin, Franck"]
[Result "1/2-1/2"]
[WhiteElo "2010"]
[BlackElo "2115"]
[PlyCount "54"]
[EventDate "2004.09.??"]
[EventType "tourn"]
[EventRounds "10"]
[EventCountry "FRA"]
[SourceTitle "CBM 102 Extra"]
[Source "ChessBase"]
[SourceDate "2004.11.03"]
[SourceVersion "1"]
[SourceVersionDate "2004.11.03"]
[SourceQuality "1"]

1. d4 Nf6 2. c4 e6 3. Nc3 d5 4. Nf3 Be7 5. e3 0-0 6. Bd3 Nbd7 7. 0-0 c6 8. e4 dxe4 9. Nxe4 c5 10. b3 cxd4 11. Nxd4 Ne5 12. Bc2 b6 13. Nxf6+ Bxf6 14. Be4 Rb8 15. Ba3 Re8 16. Nb5 Bb7 17. Qc2 Bxe4 18. Qxe4 Qd7 19. Bd6 Nc6 20. Bxb8 Bxa1 21. Bxa7 Nxa7 22. Nxa7 Qxa7 23. Rxa1 Rd8 24. Qe2 Qd7 25. Re1 h6 26. h3 Qd6 27. Qe5 Qb4 1/2-1/2